Teatre / Josep Sebastià Pons ; introducció, edició i glosari a cura d'August Bover i Font
Descripción Física:
164 p. ; 24 cm
Colección:
Col·lecció estudis ; 5
Otros Autores:
Bover i Font, August
MARC
| LEADER | 00000nam a2200000Ia 4500 | ||
|---|---|---|---|
| 001 | 9140 | ||
| 008 | 160829s1990 xx 000 0 cat d | ||
| 080 | |a L-1-53 | ||
| 100 | 1 | |a Pons, Josep Sebastià, |d 1886-1962 |9 27218 | |
| 245 | |a Teatre / Josep Sebastià Pons ; introducció, edició i glosari a cura d'August Bover i Font | ||
| 260 | |a Barcelona : |b Institut del Teatre de la Diputació de Barcelona, |c 1990 | ||
| 300 | |a 164 p. ; |c 24 cm | ||
| 490 | |a Col·lecció estudis ; 5 | ||
| 700 | 1 | |a Bover i Font, August |9 27219 | |
| 710 | 1 | |a Institut del Teatre (Barcelona, Catalunya) |9 52662 | |
| 901 | |a Arxiu | ||
| 942 | |n 1 | ||
| 952 | |0 0 |1 0 |4 0 |6 L153 |7 1 |9 44314 |a Arxiu |b Arxiu |d 2016-12-01 |l 0 |o L-1-53 |p 9140 |r 2016-12-01 00:00:00 |w 2016-12-01 |y ARXIU | ||
| 999 | |c 46894 |d 46894 | ||